[Event "ROM-ch U12 Boys"]
[Site "Voineasa"]
[Date "2008.04.16"]
[Round "7"]
[White "Zaman, Vlad Cezar"]
[Black "Dolean, Vlad"]
[Result "0-1"]
[WhiteElo "401"]
[BlackElo "401"]
[PlyCount "56"]
[EventDate "2008.04.08"]
[EventType "swiss"]
[EventRounds "9"]
[EventCountry "ROU"]
[SourceTitle "EXT 2013"]
[Source "ChessBase"]
[SourceDate "2012.11.22"]
[SourceVersion "1"]
[SourceVersionDate "2012.11.22"]
[SourceQuality "1"]

1. e4 e5 2. Nf3 Nc6 3. Bc4 Qe7 4. d3 d6 5. Nc3 Bg4 6. Nd5 Qd7 7. 0-0 0-0-0 8. Bg5 f6 9. Be3 Be7 10. Bb5 a6 11. Bxc6 Qxc6 12. Nxe7+ Nxe7 13. Ba7 b6 14. h3 Kb7 15. hxg4 Kxa7 16. g5 Kb8 17. d4 d5 18. dxe5 dxe4 19. Qe2 exf3 20. gxf3 fxe5 21. Qxa6 Qxf3 22. Qa3 Qg4+ 23. Kh1 Rhf8 24. Qxe7 Rf4 25. Qxd8+ Kb7 26. f3 Qh4+ 27. Kg1 Qg3+ 28. Kh1 Rh4# 0-1